| 000 | 01244 a2200229 4500 | ||
|---|---|---|---|
| 003 | Nust | ||
| 005 | 20221221104647.0 | ||
| 010 | _a 77018444 | ||
| 020 | _a0891581529 | ||
| 040 | _cNust | ||
| 082 | 0 | 0 | _a179.7, DEA |
| 245 | 0 | 0 |
_aDeath and decision _cedited by Ernan Mc Mullin. |
| 260 |
_aBoulder, Colo. : _bPublished by Westview Press for the American Association for the Advancement of Science, _c1978. |
||
| 300 |
_axii, 154 p. ; _c24 cm. |
||
| 505 | _aIntroduction (Page-1), Definition of Death where to Draw the Lines (Page-15), What is the Function of Medicine (Page-35), Psychology Factors in Coping with Dying (Page-45), Strategic Relationship in Dying (Page-63), The Right to Die Garrulously (Page-75), Euthanasia (Page-85), The Right Die and The Obligation to Care Allowing to die Killing for Mercy and Suicide (Page-111), Demands for Life and Requests for Death The Judicial Dilemma (Page-131). | ||
| 650 | 0 |
_aDeath _xPsychological aspects _9105459 |
|
| 650 | 0 |
_aRight to die _xMoral and ethical aspects _9105460 |
|
| 650 | 0 |
_aTerminal care _xMoral and ethical aspects _9105461 |
|
| 700 | 1 |
_aMcMullin, Ernan, _d1924-2011. _9105462 |
|
| 710 | 2 |
_aAmerican Association for the Advancement of Science. _9103667 |
|
| 942 |
_2ddc _cBK |
||
| 999 |
_c193866 _d193866 |
||